NBA players with 3 0or more finals mvp - Statistics

General Stats
  • This quiz has been taken 23 times
  • The average score is 3 of 5
Answer Stats
Answer % Correct
Lebron James
91%
Magic Johnson
73%
Shaquille O’neal
73%
Tim Duncan
50%
Micheal jordan
9%
No matching quizzes found
Score Distribution
Percent of People with Each Score
Percentile by Number Answered
Your Score History
You have not taken this quiz